000 00715nam a2200253Ia 4500
003 OSt
005 20220926013104.0
006 a|||||r|||| 00| 0
007 ta
008 220923b |||||||| |||| 00| 0 eng d
037 _cGeneral Book
040 _aRTL
_cRTL
_beng
041 _2eng
_aeng
082 _aY7, L7
100 _aFrieil John
_9317814
245 0 _aAnthropology
_b The study of people
260 _aNew York
_bHarper and Row
_c1977
300 _axvi, 558p
_ccm.
500 _aBibliography chapterwise; Glossary chapterwise
650 _aRace
700 _a Peeiffer John E
_9317815
942 _hY7, L7
_cGB
_2CC
999 _c625153
_d625153